000 00706cam a22002533a 4500
001 30770
003 PGUSA
005 20140828083651.0
008 091227s2009||||xxu|||||s|||||000 1 eng d
040 _aPGUSA
_beng
042 _adc
050 4 _aPS
100 1 _aBerryman, John,
_d1919-1988
245 1 4 _aThe Right Time
_h[electronic resource] /
_cJohn Berryman
260 _bProject Gutenberg,
_c2009
506 _aPublic domain in the USA.
516 _aElectronic text
653 _aScience fiction
653 _aParapsychology -- Fiction
700 1 _aSchelling, George Luther,
_d1938-
830 0 _aProject Gutenberg
_v30770
856 4 0 _uhttp://www.gutenberg.org/ebooks/30770
942 _cEB
999 _c260025
_d260025